Tìm hiểu một số vấn đề địa lí kinh tế xã hội thế giới Giảng dạy trong nhà trường
vv
Đã lưu trong:
| Tác giả chính: | |
|---|---|
| Định dạng: | Sách |
| Năm xuất bản: |
H.:
Giáo dục,
1999
|
| Phiên bản: | tái bản lần thứ 1 |
| Chủ đề: | |
| Tags: |
Thêm thẻ
Không có thẻ, Hãy là người đầu tiên gắn thẻ bản ghi này!
|
| LEADER | 00651nam a2200157 4500 | ||
|---|---|---|---|
| 082 | |a 330.9 |b PH105H | ||
| 100 | |a Phan Huy Xu | ||
| 245 | |a Tìm hiểu một số vấn đề địa lí kinh tế xã hội thế giới |b Giảng dạy trong nhà trường |c Phan Huy Xu, Nguyễn Thế Hiếu, mai Phú Thanh | ||
| 250 | |a tái bản lần thứ 1 | ||
| 260 | |a H.: |b Giáo dục, |c 1999 | ||
| 300 | |a 215tr.; |c 21cm | ||
| 520 | |a vv | ||
| 653 | |a Địa lí kinh tế xã hội | ||
| 942 | |2 ddc |c SH | ||
| 999 | |c 1379 |d 1379 | ||
| 952 | |0 0 |1 0 |2 ddc |4 0 |6 330_900000000000000_PH105H |7 0 |8 300 |9 25132 |a qbu |b qbu |c D2 |d 2014-12-08 |g 11400 |o 330.9 PH105H |p 4513.C1 |r 0000-00-00 |w 2014-12-08 |y SH | ||